00916nam a2200289Ia 450000500170000000800590001702000180007602000150009404100080010910000290011724500540014625000200020030000250022049000190024550000550026465000340031965000400035365000380039394200150043126400310044633600270047733700330050433800280053704000350056508400110060099900150061120220317001700.000003022014 ck g spa 0000000000spa00 a9789584238887 a9584238884 aspa1 aPadura Fuentes, Leonardo13aEl hombre que amaba a los perroscLeonardo Padura aSexta edición a573 páginasc23 cm aAndanzas ; 700 aIncluye datos biográficos del autor en la solapa142LEMBaNovela cubanaySiglo XX142LEMBaLiteratuara cubana ySiglo XX142LEMBaAsesinato en la literatura  2loccBKLIT a[Bogotá]bTusquetsc2014 atextobtxt2rdacontent asin mediaciónbn2rdamedia avolumenbnc2rdacarrier aCO-BoRNBPbspaerdacCO-BoRNBP aN PAD1 c7766d7766